[Event "6th OIBM"]
[Site "Bad Wiessee GER"]
[Date "2002.10.26"]
[Round "1"]
[White "Shabalov,A"]
[Black "Reiter,Mi"]
[Result "1-0"]
[WhiteElo "2621"]
[BlackElo "2077"]

1.d4 d5 2.c4 c6 3.Nc3 Nf6 4.e3 e6 5.Nf3 Nbd7 6.Bd3 dxc4 7.Bxc4 b5 8.Bd3 a6
9.e4 Bb7 10.e5 Ng8 11.O-O c5 12.d5 exd5 13.e6 fxe6 14.Ng5 Ndf6 15.Nxe6 Qb6
16.Re1 Ne7 17.Bg5 Bc8 18.Nf4 Bg4 19.Ncxd5 Bxd1 20.Nxb6 Rb8 21.Nbd5 Bg4 22.Bxf6  1-0

[Event "Olympiad"]
[Site "Bled SLO"]
[Date "2002.10.28"]
[Round "3"]
[White "Markos,J"]
[Black "Ruck,R"]
[Result "1/2-1/2"]
[WhiteElo "2480"]
[BlackElo "2572"]

1.d4 d5 2.c4 c6 3.Nc3 Nf6 4.e3 e6 5.Nf3 Nbd7 6.Qc2 Bd6 7.Bd3 O-O 8.O-O dxc4
9.Bxc4 b5 10.Bd3 Bb7 11.Rd1 a6 12.a4 Qc7 13.Ne4 Nxe4 14.Bxe4 h6 15.Bd2 c5
16.Bxb7 Qxb7 17.dxc5 Bxc5 18.axb5  1/2-1/2

[Event "10th Chigorin Mem"]
[Site "St Petersburg RUS"]
[Date "2002.10.28"]
[Round "4"]
[White "Abrashkin,B"]
[Black "Pridorozhni,A"]
[Result "1-0"]
[WhiteElo "2391"]
[BlackElo "2475"]

1.d4 d5 2.c4 c6 3.Nc3 Nf6 4.e3 e6 5.Nf3 Nbd7 6.Bd3 dxc4 7.Bxc4 b5 8.Bd3 b4
9.Ne4 Nxe4 10.Bxe4 Bb7 11.O-O Bd6 12.b3 O-O 13.Bb2 Nf6 14.Bd3 c5 15.Qe2 cxd4
16.Bxd4 Re8 17.Bb5 Rf8 18.Rac1 Ng4 19.Bc6 Bxc6 20.Rxc6 e5 21.Ba1 Qe7 22.Qc4 Nf6
23.e4 Rfd8 24.g3 Rd7 25.Kg2 Rad8 26.Rd1 g6 27.Rc8 Rxc8 28.Qxc8+ Kg7 29.Qc6 h6
30.h3 Bb8 31.Rxd7 Qxd7 32.Qxd7 Nxd7 33.Kf1 Kf6 34.Ke2 Ke6 35.Nd2 Nc5 36.f3 f5
37.Bb2 a5 38.g4 h5 39.exf5+ gxf5 40.gxh5 a4 41.f4 axb3 42.axb3 e4 43.h6 Nd3
44.h7 Nxf4+ 45.Kf1 Ng6 46.h8=Q Nxh8 47.Bxh8 Bf4 48.Ke2 Bg5 49.Bg7 Kf7 50.Bd4 Kg6
51.Be3 Be7 52.Bf4 Bc5 53.Nc4 Kh5 54.Kf1 Bd4 55.Be5 Bc3 56.Bxc3 bxc3 57.Na3 Kg5
58.b4 Kf4 59.b5 Ke3 60.b6 Kd2 61.b7  1-0

[Event "10th Chigorin Mem"]
[Site "St Petersburg RUS"]
[Date "2002.10.29"]
[Round "5"]
[White "Deviatkin,A"]
[Black "Abrashkin,B"]
[Result "1/2-1/2"]
[WhiteElo "2442"]
[BlackElo "2391"]

1.d4 Nf6 2.Nf3 d5 3.c4 e6 4.Nc3 c6 5.e3 Nbd7 6.Qc2 b6 7.Be2 Bb7 8.O-O Be7
9.Rd1 O-O 10.e4 dxe4 11.Nxe4 Qc7 12.Bg5 Rfe8 13.Nxf6+ Nxf6 14.c5 Red8 15.h3 a5
16.Rac1 bxc5 17.dxc5 Ba6 18.Bxa6 Rxa6 19.Rxd8+ Bxd8 20.Qd3 Ra8 21.Rd1  1/2-1/2

[Event "10th Chigorin Mem B"]
[Site "St Petersburg RUS"]
[Date "2002.10.29"]
[Round "5"]
[White "Pavlov,Al"]
[Black "Nazarov,N"]
[Result "1/2-1/2"]
[WhiteElo "2301"]
[BlackElo "2219"]

1.d4 Nf6 2.c4 e6 3.Nf3 d5 4.Nc3 c6 5.e3 Bd6 6.Qc2 Nbd7 7.Bd2 Qe7 8.Bd3 a6
9.O-O dxc4 10.Bxc4 c5 11.dxc5 Nxc5 12.b4 Ncd7 13.b5 O-O 14.Rfd1 Nb6 15.Bb3 a5
16.e4 Qc7 17.Qd3 a4 18.Bc2 e5 19.Bg5 Be7 20.Bxf6 Bxf6 21.Rac1 Qb8 22.Nd5 Nxd5
23.exd5 g6 24.d6 Be6 25.Bb1 Qa7 26.Qe2 Qb6 27.Nxe5 Rfd8 28.Nc4 Bxc4  1/2-1/2

[Event "Olympiad"]
[Site "Bled SLO"]
[Date "2002.10.30"]
[Round "5"]
[White "Schandorff,L"]
[Black "Villamayor,B"]
[Result "1-0"]
[WhiteElo "2546"]
[BlackElo "2503"]

1.Nf3 d5 2.d4 Nf6 3.c4 c6 4.Nc3 e6 5.e3 Nbd7 6.Bd3 dxc4 7.Bxc4 b5 8.Bd3 a6
9.e4 c5 10.d5 c4 11.Bc2 Qc7 12.O-O Bc5 13.b3 cxb3 14.axb3 Bb7 15.Bb2 O-O
16.Rc1 e5 17.Ne2 Qd6 18.Ng3 g6 19.Qd2 Ba3 20.Bxa3 Qxa3 21.b4 Rfc8 22.Bd3 Ne8
23.Ra1 Qc3 24.Rfc1 Qxd2 25.Nxd2 Rxc1+ 26.Rxc1 Rc8 27.Ne2 Nd6 28.Nb3 Rxc1+
29.Nexc1 Kf8 30.Nc5 Ke7 31.N1b3 Kd8 32.Na5 Kc7 33.f3 Nb8 34.Kf2 Bc8 35.Ke3 g5
36.g3 Kd8 37.Be2 Ke7 38.f4 f6 39.Nd3 gxf4+ 40.gxf4 Nf7 41.Bh5 exf4+ 42.Kxf4 Nd6
43.Ke3 Nc4+ 44.Nxc4 bxc4 45.Nb2 c3 46.Nc4 Bh3 47.Kd3 Bg2 48.Ne3 Bh1 49.Bg4 Nd7
50.Bf5 h5 51.Kxc3 Ne5 52.Nc4 h4 53.d6+  1-0

[Event "Olympiad"]
[Site "Bled SLO"]
[Date "2002.10.31"]
[Round "6"]
[White "Gentilleau,JP"]
[Black "David,Alb"]
[Result "0-1"]
[WhiteElo "2224"]
[BlackElo "2511"]

1.Nf3 Nf6 2.d4 d5 3.c4 e6 4.Nc3 c6 5.e3 Nbd7 6.Qc2 Bd6 7.b3 O-O 8.Bb2 dxc4
9.Bxc4 e5 10.O-O Qe7 11.Ne4 Nxe4 12.Qxe4 Nf6 13.Qh4 e4 14.Ne5 Be6 15.f3 Bd5
16.f4 Rad8 17.g4 Nd7 18.Qxe7 Bxe7 19.Bxd5 cxd5 20.Nxd7 Rxd7 21.Rfc1 g5 22.f5 Kg7
23.Rc2 h5 24.h3 Rh8 25.Rac1 hxg4 26.hxg4 Bd6 27.Rg2 Rh3 28.Kf2 Rd8 29.Rc2 Rdh8
30.Bc1 Kf6 31.Bd2 Rh2  0-1

[Event "Olympiad"]
[Site "Bled SLO"]
[Date "2002.10.31"]
[Round "6"]
[White "Abdulla,Al"]
[Black "Pavasovic,D"]
[Result "0-1"]
[WhiteElo "2398"]
[BlackElo "2581"]

1.d4 d5 2.c4 e6 3.Nc3 c6 4.e3 Nf6 5.Nf3 Nbd7 6.Be2 dxc4 7.a4 Bd6 8.O-O O-O
9.e4 e5 10.Bg5 Qc7 11.h3 h6 12.Bh4 exd4 13.Nxd4 Be5 14.Nf3 Bxc3 15.bxc3 Nxe4
16.Qc2 Ndc5 17.Bxc4 Bf5 18.Nd4 Bh7 19.Qb2 Rae8 20.f3 Nd6 21.Be2 Nf5 22.Nxf5 Bxf5
23.Bf2 Ne6 24.Rfd1 Nf4 25.Bf1 c5 26.Qb5 b6 27.a5 Rd8 28.axb6 axb6 29.Qc4 Be6
30.Qe4 Nd5 31.Be1 Rfe8 32.Bd3 f5 33.Qa4 Ne3 34.Rdb1 Qf7 35.Bb5 Qg6 36.Rb2 Rf8
37.Bh4 Ra8 38.Qxa8 Rxa8 39.Raa2 Ra4 40.Rxa4 Kh7 41.Ra8 Bf7 42.Be8  0-1

[Event "2nd Rohde Open"]
[Site "Sautron FRA"]
[Date "2002.10.31"]
[Round "6"]
[White "Lukov,V"]
[Black "Mullon,J"]
[Result "1/2-1/2"]
[WhiteElo "2463"]
[BlackElo "2318"]

1.Nf3 d5 2.c4 c6 3.e3 Nf6 4.Nc3 e6 5.d4 Nbd7 6.Bd3 dxc4 7.Bxc4 b5 8.Be2 b4
9.Na4 Qa5 10.O-O Ba6 11.Bxa6 Qxa6 12.a3 Qb5 13.b3 bxa3 14.Bxa3 Bxa3 15.Rxa3 O-O
16.Qc2 Qb4 17.Rfa1 Rab8 18.h3 Rfc8 19.Nc5 Nxc5 20.dxc5 Rb5 21.Rxa7 Rxc5 22.Ra8 Rf8
23.Rxf8+ Kxf8 24.Ra8+ Ke7 25.Ra7+ Nd7 26.Qxh7 Rc1+ 27.Kh2 Qd6+ 28.g3 Qd1
29.Qh4+ f6 30.Qb4+ c5 31.Rxd7+ Qxd7 32.Qg4 Kf8 33.Qf4 e5 34.Qe4 Qd1 35.g4 Qxb3
36.g5 Qe6 37.Nh4 fxg5 38.Ng6+ Kf7 39.Nxe5+ Ke7 40.Qb7+ Kf6 41.Nd7+ Kf7 42.Nxc5+ Qe7
43.Qxe7+ Kxe7 44.Ne4 Ke6 45.Nxg5+ Kf5 46.Nf3 g5  1/2-1/2

[Event "10th Chigorin Mem"]
[Site "St Petersburg RUS"]
[Date "2002.10.31"]
[Round "6"]
[White "Lugovoi,A"]
[Black "Smirnov,P"]
[Result "1-0"]
[WhiteElo "2523"]
[BlackElo "2562"]

1.d4 d5 2.c4 c6 3.Nc3 Nf6 4.Nf3 e6 5.e3 Nbd7 6.Qc2 Bd6 7.b3 O-O 8.Be2 dxc4
9.bxc4 e5 10.O-O Re8 11.a4 exd4 12.exd4 Nf8 13.Rd1 Ng6 14.h3 Qe7 15.Bf1 Bd7
16.a5 c5 17.Bg5 Be6 18.d5 Bd7 19.Re1 Ne5 20.Kh1 Qd8 21.Nd2 h6 22.Bh4 Ng6
23.Rxe8+ Bxe8 24.Bg3 Bxg3 25.fxg3 Bd7 26.Nf3 Qc7 27.g4 Re8 28.Qd2 Qg3 29.Re1 Ne5
30.Nh2 Kf8 31.Kg1 Re7 32.Rb1 Bxg4 33.d6 Rd7 34.Qe1 Qf4 35.hxg4 Nfxg4 36.Nxg4 Nxg4
37.g3 Qd4+ 38.Kh1 Ne3 39.Bg2 Nxg2 40.Kxg2 Qxd6 41.Nd5 Qe6 42.Qf1 Qe4+ 43.Kh2 Qc2+
44.Kh3 h5 45.Re1 Qd2 46.Re5 Rd6 47.Qf5 g6 48.Re8+  1-0

[Event "10th Chigorin Mem"]
[Site "St Petersburg RUS"]
[Date "2002.10.31"]
[Round "6"]
[White "Bocharov,D"]
[Black "Shalimov,V UKR"]
[Result "1-0"]
[WhiteElo "2502"]
[BlackElo "2454"]

1.d4 d5 2.c4 c6 3.Nf3 Nf6 4.Nc3 e6 5.e3 Nbd7 6.Bd3 dxc4 7.Bxc4 b5 8.Be2 b4
9.Na4 Bb7 10.O-O Be7 11.a3 a5 12.axb4 axb4 13.Bd2 O-O 14.Qb3 c5 15.dxc5 Nxc5
16.Nxc5 Bxc5 17.Rxa8 Bxa8 18.Rc1 Qb6 19.Ne5 Rd8 20.Be1 Bf8 21.Bf3 Ne4 22.Qa4 Nc5
23.Qxb4 Qd6 24.Bc3 Bxf3 25.Nxf3 Qd5 26.Qd4 Qa8 27.Qc4 Ne4 28.Bd4 Nd6 29.Qe2 Qa2
30.h3 f6 31.Rc2 Qb1+ 32.Kh2 Ra8 33.e4 Ra4 34.e5 Ra1 35.exd6 Bxd6+ 36.Be5 fxe5
37.Rc8+ Kf7 38.Ng5+ Ke7 39.Ne4 Qg1+ 40.Kg3 Qd1 41.Qb5  1-0

[Event "Olympiad w"]
[Site "Bled SLO"]
[Date "2002.11.01"]
[Round "7"]
[White "Galojan,L"]
[Black "Batchimeg,T"]
[Result "1/2-1/2"]
[WhiteElo "2236"]
[BlackElo "2140"]

1.d4 d5 2.c4 c6 3.Nf3 e6 4.Nc3 Nf6 5.e3 Nbd7 6.Bd3 dxc4 7.Bxc4 b5 8.Bd3 a6
9.O-O c5 10.Qe2 Bb7 11.Rd1 Qc7 12.a3 cxd4 13.exd4 Bd6 14.h3 O-O 15.Bd2 Rac8
16.Re1 Bf4 17.Rad1 Rfd8 18.Bxf4 Qxf4 19.Ne5 Nd5 20.Qe4 Qxe4 21.Nxe4 Nf4 22.Nd6 Nxe5
23.dxe5 Rc7 24.Bf1 Bd5 25.g3 Ng6 26.f4 f6 27.Ne4 fxe5 28.Ng5 Rcd7 29.h4 exf4
30.h5 Ne7 31.Bh3 Nf5 32.gxf4 h6 33.Ne4 Bxe4 34.Rxd7 Rxd7 35.Rxe4 Kf7 36.Bxf5 exf5
37.Re5 Kf6 38.Rc5 Rd6 39.Kg2 g5 40.hxg6 Kxg6 41.Kf3 Rd3+ 42.Ke2 Rb3 43.Rc6+ Kh5
44.Rxa6 Rxb2+ 45.Kf3 Rb3+ 46.Kf2 Kg4 47.a4 bxa4 48.Rxa4 h5 49.Ra8 Kxf4 50.Ra4+ Kg5
51.Ra8 h4 52.Rg8+ Kf4 53.Rh8 h3 54.Kg1 Rg3+ 55.Kf2 Rg2+ 56.Kf1 Kg3 57.Rg8+ Kf3
58.Ra8 Re2 59.Kg1 h2+ 60.Kh1 f4 61.Rf8 Re4 62.Kxh2 Kf2 63.Rf7 f3 64.Kh3 Ke2
65.Kg3 Re3 66.Rf8 Rb3 67.Rf7 Rb8 68.Re7+ Kd2 69.Kf2 Rf8 70.Re3 Rf7 71.Rxf3 Rxf3+
72.Kxf3  1/2-1/2

[Event "Olympiad"]
[Site "Bled SLO"]
[Date "2002.11.01"]
[Round "7"]
[White "Avrukh,B"]
[Black "Vera,R"]
[Result "1/2-1/2"]
[WhiteElo "2595"]
[BlackElo "2544"]

1.d4 d5 2.c4 c6 3.Nc3 Nf6 4.e3 e6 5.Nf3 Nbd7 6.Bd3 dxc4 7.Bxc4 b5 8.Bd3 a6
9.e4 c5 10.e5 cxd4 11.Nxb5 axb5 12.exf6 gxf6 13.O-O Qb6 14.Qe2 Ba6 15.Rd1 Rd8
16.b4 Bxb4 17.Rb1 Bc3 18.Bxb5 Bxb5 19.Rxb5 Qc6 20.Bb2 Rg8 21.g3 Rg4 22.Nxd4 Rxd4
23.Rxd4 Bxd4 24.Bxd4 Ra8 25.Rb2 Ra4  1/2-1/2

[Event "10th Chigorin Mem B"]
[Site "St Petersburg RUS"]
[Date "2002.11.01"]
[Round "7"]
[White "Matlakov,M"]
[Black "Novitzkij,D"]
[Result "1-0"]
[WhiteElo "2312"]
[BlackElo "2395"]

1.d4 d5 2.c4 c6 3.Nf3 Nf6 4.e3 e6 5.Nc3 Nbd7 6.Qc2 Bd6 7.Bd3 O-O 8.O-O e5
9.cxd5 cxd5 10.e4 dxe4 11.Nxe4 Nxe4 12.Bxe4 h6 13.Be3 exd4 14.Bxd4 Nf6 15.Rad1 Nxe4
16.Qxe4 Re8 17.Qd3 Bf8 18.Qb5 a6 19.Qb3 Qe7 20.Rfe1 Be6 21.Qc2 Rac8 22.Bc3 Qc7
23.Nd4 Bxa2 24.Rxe8 Rxe8 25.Qa4 b5 26.Qxa2 Rd8 27.Qxa6 b4 28.Qd3 bxc3 29.bxc3 Qe5
30.g3 Bc5 31.Qe3 Qh5 32.Re1 Qd5 33.Qf4 Qc4 34.Qc7 Ra8 35.Qc6 Rd8 36.Re8+ Rxe8
37.Qxe8+ Kh7 38.Qe4+ g6 39.Qf3 Kg7 40.Ne2 h5 41.Nf4 Qa2 42.Kg2 Qd2 43.h4 Ba7
44.Nd5 Qa2 45.Nf4 Qd2 46.c4 Qd4 47.Qe2 Bb6 48.Qc2 Bc5 49.Nd3 Qe4+ 50.f3 Qe3
51.Nxc5 Qxc5 52.Qc3+ Kf8 53.Qd3 Qe7 54.Qe4 Qb4 55.Qd5 Qe1 56.Qd8+ Kg7 57.Qd4+ Kf8
58.c5 Qe2+ 59.Qf2 Qc4 60.Qe3 Qc2+ 61.Qf2 Qc4 62.Qe3 Qc2+ 63.Kh3 Qf5+ 64.g4 hxg4+
65.fxg4 Qf1+ 66.Kg3 Qh1 67.Qc3 Qg1+ 68.Kf4 Kg8 69.c6 Qf2+ 70.Ke5 Qe2+ 71.Kd6 Qe6+
72.Kc5 Qxg4 73.c7 Qf5+ 74.Kb6 Qe6+ 75.Ka7 Qa2+ 76.Kb6 Qe6+ 77.Qc6 Qe3+ 78.Kb7 Qe7
79.Ka8 Qa3+ 80.Kb8 Qb4+ 81.Qb7  1-0

[Event "Olympiad"]
[Site "Bled SLO"]
[Date "2002.11.02"]
[Round "8"]
[White "Markos,J"]
[Black "Dizdarevic,E"]
[Result "1/2-1/2"]
[WhiteElo "2480"]
[BlackElo "2520"]

1.d4 d5 2.c4 c6 3.Nc3 Nf6 4.e3 e6 5.Nf3 Nbd7 6.Qc2 Bd6 7.Be2 O-O 8.O-O Re8
9.Rd1 b6 10.e4 dxe4 11.Nxe4 Nxe4 12.Qxe4 Bb7  1/2-1/2

[Event "Olympiad w"]
[Site "Bled SLO"]
[Date "2002.11.02"]
[Round "8"]
[White "Olarasu,G"]
[Black "Kosteniuk,A"]
[Result "1/2-1/2"]
[WhiteElo "2307"]
[BlackElo "2455"]

1.d4 d5 2.c4 e6 3.Nc3 c6 4.e3 Nf6 5.Nf3 Nbd7 6.Qc2 Bd6 7.Bd3 O-O 8.O-O dxc4
9.Bxc4 a6 10.b3 Qe7 11.Bb2 e5 12.Rfe1 h6 13.Nh4 Re8 14.Nf5 Kf8 15.Nxd6 Qxd6
16.Ne4 Nxe4 17.Qxe4 Nf6 18.Qg6 Be6 19.Qg3 Ne4 20.Qh4 exd4 21.Qxe4 Bxc4 22.Qxd4  1/2-1/2

[Event "Olympiad"]
[Site "Bled SLO"]
[Date "2002.11.02"]
[Round "8"]
[White "Kakageldyev,A"]
[Black "David,Alb"]
[Result "0-1"]
[WhiteElo "2468"]
[BlackElo "2511"]

1.d4 d5 2.c4 c6 3.Nf3 Nf6 4.Nc3 e6 5.e3 Nbd7 6.Qc2 Bd6 7.Be2 O-O 8.O-O dxc4
9.Bxc4 b5 10.Be2 Bb7 11.Rd1 Qb8 12.h3 a6 13.e4 e5 14.a3 c5 15.d5 c4 16.Bg5 Qc7
17.Nh4 g6 18.Qd2 Ne8 19.Bh6 Nc5 20.Bxf8 Bxf8 21.Qe3 Nd6 22.Nf3 Nb3 23.Rab1 Bg7
24.Bf1 Rc8 25.g3 Qe7 26.h4 Nc5 27.Nd2 f5 28.exf5 gxf5 29.b4 Nd3 30.Nf3 e4
31.Nd4 Qf6 32.Nde2 Re8 33.Qg5 Qf7 34.h5 Kh8 35.Bg2 Rg8 36.Qh4 Bf6 37.Qh2 Be5
38.Qh4 Qf8 39.a4 Rg4 40.Qh3 Qf6 41.axb5 axb5 42.Rbc1 Bc8 43.f4 exf3 44.Bxf3 Nxc1
45.Bxg4 fxg4 46.Qg2 Nxe2+ 47.Nxe2 Qf3 48.Qh2 Bf5 49.Rf1 Qe3+ 50.Qf2 Qxf2+
51.Kxf2 Bd3 52.Re1 Kg7 53.Ke3 Kf6 54.Nd4 Bxg3 55.Rg1 Ne4 56.Rg2 Ke5 57.Ne2 Bxe2
58.Rxe2 Bf4+  0-1

[Event "Olympiad"]
[Site "Bled SLO"]
[Date "2002.11.02"]
[Round "8"]
[White "Nilssen,J"]
[Black "Obodchuk,A"]
[Result "1-0"]
[WhiteElo "2385"]
[BlackElo "2423"]

1.d4 d5 2.c4 c6 3.Nc3 Nf6 4.e3 e6 5.Nf3 Nbd7 6.Bd3 dxc4 7.Bxc4 b5 8.Be2 Bb7
9.O-O a6 10.e4 c5 11.d5 exd5 12.e5 Ng4 13.e6 fxe6 14.Ng5 Ngf6 15.Nxe6 Qb6
16.Re1 Kf7 17.Bf3 d4 18.Nd5 Qa7 19.Ng5+ Kg8 20.Nc7 h6 21.Bg4 hxg5 22.Qb3+  1-0

[Event "10th Chigorin Mem"]
[Site "St Petersburg RUS"]
[Date "2002.11.02"]
[Round "8"]
[White "Grachev,B"]
[Black "Skatchkov,P"]
[Result "1/2-1/2"]
[WhiteElo "2489"]
[BlackElo "2471"]

1.d4 d5 2.c4 c6 3.Nf3 Nf6 4.Nc3 e6 5.e3 Nbd7 6.Qc2 Bd6 7.Bd3 O-O 8.O-O dxc4
9.Bxc4 a6 10.a3 b5 11.Bd3 h6 12.b4 Bb7 13.Bd2 Qc7 14.h3 e5 15.Rac1 Rfe8 16.Nh4 exd4
17.exd4 Nb6 18.Nf5 Bc8 19.Nxd6 Qxd6 20.Ne2 Bd7 21.Bf4 Qf8 22.Be5 Nbd5 23.Ng3 a5
24.bxa5 Rxa5 25.Bf5 Bxf5 26.Nxf5 Re6  1/2-1/2

[Event "3rd Weekend"]
[Site "Novara ITA"]
[Date "2002.11.03"]
[Round "5"]
[White "Castaldo,F"]
[Black "Trumpf,W"]
[Result "1-0"]
[WhiteElo "2338"]
[BlackElo "2102"]

1.Nf3 Nf6 2.c4 e6 3.Nc3 d5 4.d4 c6 5.e3 Nbd7 6.Qc2 g6 7.Bd3 Bg7 8.O-O O-O
9.b3 dxc4 10.Bxc4 Re8 11.Bb2 Nb6 12.Be2 Nbd5 13.Na4 h5 14.Rfe1 Nh7 15.Bf1 Ng5
16.Ne5 Nf6 17.Rad1 Ng4 18.f4 Nh7 19.Bd3 Nf8 20.Nc5 b6 21.Ne4 Bb7 22.h3 Nxe5
23.fxe5 Re7 24.Nd6 Rd7 25.Nxb7 Rxb7 26.Qxc6 Rc7 27.Qf3 a5 28.Rc1 Rac8 29.Rxc7 Rxc7
30.Bc4 a4 31.Rf1 Qd7 32.Qe2 Qc8 33.Rd1 Nh7 34.Ba3 Bh6 35.Bd6 Rc6 36.Qf2 axb3
37.axb3 b5 38.d5 Rxd6 39.exd6 bxc4 40.dxe6 Qxe6 41.d7 Bxe3 42.d8=Q+ Nf8 43.bxc4 Bxf2+
44.Kxf2 Qxc4 45.Qd4 Qxd4+ 46.Rxd4 Kg7 47.Kf3 Ne6 48.Rd7 Kf6 49.Ra7 Ng5+ 50.Kf4 Ne6+
51.Ke4 Ng5+ 52.Kd5 Ne6 53.g3 h4 54.gxh4 Nf4+ 55.Ke4 Ng2 56.Ra6+ Kg7 57.h5 Nh4
58.hxg6 fxg6 59.Ke5 Nf3+ 60.Kf4 Nd4 61.h4 Kh6 62.Kg4 Nf5 63.h5 Ne7 64.Re6 Ng8
65.hxg6  1-0

[Event "Olympiad"]
[Site "Bled SLO"]
[Date "2002.11.04"]
[Round "9"]
[White "Sebenik,M"]
[Black "Dao Thien Hai"]
[Result "1/2-1/2"]
[WhiteElo "2414"]
[BlackElo "2547"]

1.d4 d5 2.Nf3 c6 3.c4 e6 4.e3 Nf6 5.Nc3 Nbd7 6.Qc2 Bd6 7.b3 O-O 8.Be2 Re8
9.O-O dxc4 10.bxc4 e5 11.Rb1 Qe7 12.Rd1 e4 13.Nd2 Nf8 14.c5 Bc7 15.Ba3 Ng6
16.Nc4 Ng4 17.Nd6 Bxd6 18.cxd6 Qh4 19.Bxg4 Qxg4 20.Ne2 Nh4 21.Ng3 h5 22.d5 Nxg2
23.dxc6 bxc6 24.Kxg2 h4 25.Qe2 Qh3+ 26.Kg1 hxg3 27.fxg3 Bg4 28.Qf1 Qh6 29.Re1 Qe6
30.Qf2 Rab8 31.Qc2 Qd5 32.Rb3 Rxb3 33.Qxb3 Qf5 34.Rf1 Bf3 35.Rc1 Qh3 36.Qb2  1/2-1/2

[Event "Olympiad w"]
[Site "Bled SLO"]
[Date "2002.11.05"]
[Round "10"]
[White "Kadziolka,B"]
[Black "Aketaeva,D"]
[Result "1-0"]
[WhiteElo "2238"]
[BlackElo "2127"]

1.d4 d5 2.c4 c6 3.Nc3 Nf6 4.e3 e6 5.Nf3 Nbd7 6.Qc2 Bd6 7.e4 dxe4 8.Nxe4 Nxe4
9.Qxe4 Nf6 10.Qc2 O-O 11.Bd3 b6 12.O-O Bb7 13.Bg5 h6 14.Bh4 c5 15.dxc5 Bxc5
16.Rfd1 Qe7 17.Ne5 Rfd8 18.Bh7+ Kh8 19.Bg6 Rd4 20.Nxf7+ Kg8 21.Bg3 Rf8 22.Ne5 Qd6
23.Rxd4 Bxd4 24.Rd1 Qc5 25.Qe2 Bxe5 26.Bxe5 Qc6 27.f3 Ba6 28.b3 Nd7 29.Bd6 Rf6
30.Be8 Bc8 31.Be7 Rf5 32.Qd3 Re5 33.Bxd7 Bxd7 34.Qxd7  1-0

[Event "Olympiad"]
[Site "Bled SLO"]
[Date "2002.11.05"]
[Round "10"]
[White "Arduman,C"]
[Black "Aikhoje,O"]
[Result "1-0"]
[WhiteElo "2369"]
[BlackElo "2305"]

1.d4 Nf6 2.Nf3 d5 3.c4 c6 4.Nc3 e6 5.e3 Nbd7 6.Bd3 Bd6 7.e4 dxc4 8.Bxc4 e5
9.dxe5 Nxe5 10.Nxe5 Bxe5 11.Qd3 Qd5 12.Qxd5 Rg8 13.Qd8+ Kxd8 14.Bxf7 Rf8
15.Bb3 Bxc3+ 16.bxc3 Nxe4 17.O-O Nxc3 18.Bg5+ Kc7 19.Rfe1 Nd5 20.Rac1 h6
21.Be7 Nxe7 22.Rxe7+ Kb6 23.Rxg7 Bf5 24.g4 Be4 25.Re1 Rf4 26.h3 Raf8 27.Re2 c5
28.Rb2 Ka5 29.Rc7 Bc6 30.Bd5 Rb4 31.Rxb4 Kxb4 32.Bxc6 bxc6 33.Rxc6 c4 34.Kg2 c3
35.Kg3 Rd8 36.h4 Rd3+ 37.f3 Rd4 38.g5 hxg5 39.hxg5 Rc4 40.Rxc4+ Kxc4 41.g6 c2
42.g7 c1=Q 43.g8=Q+ Kd4 44.Qg4+ Kd5 45.Qf5+ Kd6 46.Qf4+ Qxf4+ 47.Kxf4 Ke6
48.Kg5 a6 49.a3 Kf7 50.Kf5  1-0

[Event "Olympiad"]
[Site "Bled SLO"]
[Date "2002.11.05"]
[Round "10"]
[White "Banikas,H"]
[Black "Gausel,E"]
[Result "0-1"]
[WhiteElo "2520"]
[BlackElo "2511"]

1.d4 d5 2.c4 c6 3.Nf3 Nf6 4.Nc3 e6 5.e3 Nbd7 6.Qc2 Bd6 7.Bd3 dxc4 8.Bxc4 O-O
9.O-O a6 10.Rd1 Qe7 11.h3 c5 12.a4 h6 13.e4 cxd4 14.Nxd4 Ne5 15.Bf1 Bb4 16.Be3 Bd7
17.f4 Nc6 18.e5 Nh7 19.Bd3 f5 20.Nb3 Rfc8 21.a5 Nd8 22.Qf2 Nf8 23.Kh2 Qe8
24.Bc5 Bxc5 25.Nxc5 Bc6 26.g4 fxg4 27.hxg4 Nf7 28.Bc4 Qe7 29.b4 g5 30.Rd3 gxf4
31.Qxf4 Ng6 32.Qf6 Qxf6 33.exf6 Nge5 34.Bxe6 Nxd3 35.Nxd3 Re8 36.Nf4 Rad8
37.Rg1 Rd4 38.Nce2 Re4 39.g5 R8xe6 40.gxh6+ Kf8 41.Nxe6+ Rxe6 42.h7 Rxf6
43.Rg8+ Ke7 44.Nd4 Rh6+ 45.Kg3 Be4 46.b5 axb5 47.Rc8 Kd7 48.Rc5 Nd6 49.Nxb5 Bc6
50.Nxd6 Kxd6 51.Rc2 Rxh7 52.Ra2 Bb5  0-1

[Event "Olympiad w"]
[Site "Bled SLO"]
[Date "2002.11.05"]
[Round "10"]
[White "Nguyen Thi Thanh An"]
[Black "Benderac,A"]
[Result "1-0"]
[WhiteElo "2316"]
[BlackElo "2300"]

1.d4 Nf6 2.Nf3 d5 3.c4 e6 4.Nc3 c6 5.e3 Nbd7 6.Qc2 Be7 7.b3 O-O 8.Be2 b6
9.O-O Bb7 10.Bb2 Rc8 11.Ne5 Qc7 12.f4 c5 13.Rac1 a6 14.Bd3 g6 15.cxd5 exd5
16.Qe2 b5 17.a3 Qb6 18.Kh1 Qd6 19.Bb1 Ne4 20.Nxe4 dxe4 21.Nxd7 Qxd7 22.dxc5 Bxc5
23.b4 Be7 24.Rcd1 Qc6 25.f5 Rfd8 26.fxg6 Qxg6 27.Ba2 Rxd1 28.Qxd1 Rd8 29.Qc1 Bd5
30.Qc7 Qd6 31.Qc3 f6 32.Rd1 Qe6 33.Rxd5 Rxd5 34.Qd4  1-0

[Event "Last Autumn GM"]
[Site "Tel Aviv ISR"]
[Date "2002.11.06"]
[Round "5"]
[White "Gofshtein,Z"]
[Black "Kundin,A"]
[Result "0-1"]
[WhiteElo "2519"]
[BlackElo "2429"]

1.d4 d5 2.c4 c6 3.Nc3 Nf6 4.e3 e6 5.Nf3 Nbd7 6.Bd3 dxc4 7.Bxc4 b5 8.Bd3 a6
9.e4 c5 10.e5 cxd4 11.Nxb5 axb5 12.exf6 gxf6 13.O-O Qb6 14.Be4 Bb7 15.Re1 Bc5
16.Bf4 h5 17.Rc1 Bxe4 18.Rxe4 Qb7 19.Qe2 Qd5 20.Qd3 Kf8 21.Re2 Rxa2 22.Rec2 e5
23.h3 e4 24.Rxc5 Nxc5 25.Rxc5 Qxc5 26.Qxe4 Rxb2 27.Nxd4 Rb4 28.Be3 Qe5 29.Qd3 Qd6
30.Ne6+ Qxe6 31.Bc5+ Kg7 32.Bxb4 Qc4 33.Qg3+ Kh7 34.Bc3 Rg8 35.Qf3 Rg6 36.Bxf6 Qc1+
37.Kh2 Qc5 38.Bb2 Kg8 39.h4 Qc6 40.Qh3 Qc7+ 41.g3 Qc2 42.Bd4 Rg4 43.Be3 b4
44.Qf1 b3 45.Qb5 b2 46.Qe8+ Kg7 47.Qe5+ Kg8 48.Qe8+ Kg7 49.Qe5+ Kg6 50.Qd6+ f6
51.Qe6 Qc4 52.Qe8+ Kg7 53.Qe7+ Qf7 54.Bh6+ Kg6  0-1

[Event "Olympiad"]
[Site "Bled SLO"]
[Date "2002.11.07"]
[Round "12"]
[White "Lputian,S"]
[Black "Ivanchuk,V"]
[Result "1/2-1/2"]
[WhiteElo "2627"]
[BlackElo "2709"]

1.d4 d5 2.Nf3 Nf6 3.c4 c6 4.Nc3 e6 5.e3 Nbd7 6.Bd3 dxc4 7.Bxc4 b5 8.Be2 Bb7
9.O-O Be7 10.e4 b4 11.e5 bxc3 12.exf6 Bxf6 13.bxc3 c5 14.dxc5 O-O 15.Be3 Be7
16.Rb1 Qc8 17.Qd3 Rd8 18.Qb5 Rb8 19.Qa5 Bxc5 20.Bxc5 Nxc5 21.Rfd1 Rxd1+ 22.Rxd1 Ne4
23.c4 Qc5 24.Rd8+ Rxd8 25.Qxd8+ Qf8 26.Qa5 Qc5 27.Qd8+ Qf8  1/2-1/2

[Event "FSGM Nov"]
[Site "Budapest HUN"]
[Date "2002.11.07"]
[Round "6"]
[White "Szeberenyi,A"]
[Black "Horvath,Cs"]
[Result "1/2-1/2"]
[WhiteElo "2367"]
[BlackElo "2506"]

1.d4 Nf6 2.c4 e6 3.Nf3 d5 4.Nc3 c6 5.e3 Nbd7 6.Qc2 Bd6 7.Bd3 O-O 8.O-O dxc4
9.Bxc4 a6 10.a4 c5 11.Rd1 Qc7 12.Ne4 Nxe4 13.Qxe4 Re8 14.Bd3 f5 15.Qh4 Be7
16.Qg3 Bd6 17.Qh4 Be7 18.Qg3  1/2-1/2

[Event "Olympiad"]
[Site "Bled SLO"]
[Date "2002.11.08"]
[Round "13"]
[White "Pelletier,Y"]
[Black "Harikrishna,P"]
[Result "1/2-1/2"]
[WhiteElo "2587"]
[BlackElo "2551"]

1.Nf3 d5 2.d4 Nf6 3.c4 c6 4.Nc3 e6 5.e3 Nbd7 6.Qc2 Bd6 7.Bd3 O-O 8.O-O dxc4
9.Bxc4 b5 10.Be2 Bb7 11.Rd1 Qc7 12.e4 e5 13.dxe5 Nxe5 14.Nd4 Bc5 15.h3 Qb6
16.Be3 Rad8 17.Nf5 Bxe3 18.Nxe3 a6 19.Rxd8 Rxd8 20.Rc1 c5 21.b3 Qe6 22.Ncd5 Nxe4
23.Qxe4 Bxd5 24.Qh4 Rc8 25.Rxc5 Bb7 26.Rc7 Ng6 27.Qd4 Rxc7 28.Qd8+ Nf8 29.Qxc7 Qc6
30.Qxc6 Bxc6 31.Nf5 Ng6 32.Nd4  1/2-1/2

[Event "Olympiad"]
[Site "Bled SLO"]
[Date "2002.11.08"]
[Round "13"]
[White "Ftacnik,L"]
[Black "Villamayor,B"]
[Result "1-0"]
[WhiteElo "2603"]
[BlackElo "2503"]

1.Nf3 d5 2.d4 Nf6 3.c4 c6 4.Nc3 e6 5.e3 Nbd7 6.Qc2 b6 7.cxd5 cxd5 8.Nb5 Bb4+
9.Bd2 Bxd2+ 10.Nxd2 O-O 11.Rc1 Ba6 12.Qa4 Rc8 13.Rc3 Rxc3 14.bxc3 Bxb5 15.Bxb5 Qc7
16.c4 e5 17.O-O exd4 18.exd4 Rd8 19.Nf3 Nf8 20.Ne5 Ne6 21.Nc6 Ra8 22.cxd5 Nf4
23.Qa3 N4xd5 24.g3 Qc8 25.Rc1 Qf8 26.Qxf8+ Kxf8 27.Ba6 Ne4 28.Bb7 Re8 29.Nxa7 Nec3
30.Rc2 Re1+ 31.Kg2 Rd1 32.Nc8 Rxd4 33.Nxb6 Nxb6 34.Rxc3 Ra4 35.Rb3 Nc4 36.Bd5 Nd6
37.Rb8+ Ke7 38.Bb3 Ra7 39.Kf3 Nb7 40.Rg8 Kf6 41.Rc8 Nd6 42.Rc5 Ke7 43.Ke3 g6
44.Kd4 h5 45.Rc2 Nf5+ 46.Kc5 Nd6 47.Kb6 Ra3 48.Rd2 Ra8 49.f3 Rb8+ 50.Kc6 Rc8+
51.Kd5 Nf5 52.Re2+ Kf6 53.Re4 Rd8+ 54.Kc5 Rd2 55.g4 hxg4 56.fxg4 Ng7 57.Rf4+ Ke5
58.Rxf7 Ne6+ 59.Kb4 Nd4 60.h4 Nxb3 61.axb3 Rd4+ 62.Kc5 Rxg4 63.Rh7 Rg1 64.b4 Rc1+
65.Kb6 Rc4 66.b5 Kd5  1-0

[Event "Olympiad"]
[Site "Bled SLO"]
[Date "2002.11.08"]
[Round "13"]
[White "Winants,L"]
[Black "Al Modiahki,M"]
[Result "0-1"]
[WhiteElo "2504"]
[BlackElo "2550"]

1.d4 d5 2.c4 c6 3.Nc3 Nf6 4.e3 e6 5.Nf3 Nbd7 6.Bd3 dxc4 7.Bxc4 b5 8.Bb3 b4
9.Ne2 Bb7 10.O-O Bd6 11.a3 bxa3 12.bxa3 c5 13.Nc3 O-O 14.Rb1 Rb8 15.Bc2 cxd4
16.Nb5 Bxf3 17.gxf3 Rb6 18.a4 Qb8 19.Nxd6 Rxb1 20.Bxb1 Qxb1 21.Qxd4 Qg6+
22.Kh1 Qh5 23.Qf4 Ne5 24.Bb2 Nd3  0-1

[Event "Olympiad w"]
[Site "Bled SLO"]
[Date "2002.11.08"]
[Round "13"]
[White "Agababean,N"]
[Black "Aketaeva,D"]
[Result "1-0"]
[WhiteElo "2353"]
[BlackElo "2127"]

1.d4 d5 2.Nf3 Nf6 3.c4 c6 4.e3 e6 5.Nc3 Nbd7 6.Qc2 Bd6 7.Bd3 O-O 8.O-O Qc7
9.h3 dxc4 10.Bxc4 e5 11.Bd2 exd4 12.exd4 h6 13.Bxh6 gxh6 14.Qg6+ Kh8 15.Qxh6+ Kg8
16.Ng5 Bf4 17.Qg6+ Kh8 18.Nxf7+ Rxf7 19.Bxf7 Qd8 20.Ne4 Nxe4 21.Qxe4 Bh6
22.Rae1 Qf6 23.Qe7 Bg7 24.d5 Qxe7 25.Rxe7 Bf6 26.Re8+ Kg7 27.Be6 Nb6 28.dxc6 bxc6
29.Rc1 Bb7 30.Rxa8 Bxa8 31.b3 Bd4 32.b4 Nd5 33.Rc4 Be5 34.g3 Kf6 35.Bg4 Bd6
36.a3 Be5 37.Rc2 Ke7 38.h4 Nc3 39.Kh2 Nb5 40.f4 Bg7 41.Re2+ Kf6 42.Re6+ Kf7
43.f5 Bb2 44.Bh5+ Kg7 45.a4 Nd4 46.Re8 Bb7 47.Re7+ Kf6 48.Rxb7 Nxf5 49.Rxa7  1-0